Vietnamese accounting system : Ministry of Finance 's Guidance on the Corporate Accounting System
The book will be very useful for businesses, organizations and foreigners who have been and will be investing in Vietnam.
Shranjeno v:
| Format: | Knjiga |
|---|---|
| Jezik: | Undetermined |
| Izdano: |
Hà Nội
Tài chính
2013
|
| Teme: | |
| Oznake: |
Označite
Brez oznak, prvi označite!
|
| Thư viện lưu trữ: | Trung tâm Học liệu Trường Đại học Cần Thơ |
|---|
| LEADER | 00686nam a2200193Ia 4500 | ||
|---|---|---|---|
| 001 | CTU_211216 | ||
| 008 | 210402s9999 xx 000 0 und d | ||
| 020 | |c 770000 | ||
| 082 | |a 657 | ||
| 082 | |b V666/P.1 | ||
| 245 | 0 | |a Vietnamese accounting system : | |
| 245 | 0 | |b Ministry of Finance 's Guidance on the Corporate Accounting System | |
| 260 | |a Hà Nội | ||
| 260 | |b Tài chính | ||
| 260 | |c 2013 | ||
| 520 | |a The book will be very useful for businesses, organizations and foreigners who have been and will be investing in Vietnam. | ||
| 650 | |a Kế toán,Accounting | ||
| 904 | |i Lư Phạm Mỹ Dung,Hải | ||
| 980 | |a Trung tâm Học liệu Trường Đại học Cần Thơ | ||